Nuestro Rubén / (Registro nro. 6410)
[ vista simple ]
| 000 -CABECERA | |
|---|---|
| campo de control de longitud fija | 00765cam a2200205 a 4500 |
| 001 - NÚMERO DE CONTROL | |
| campo de control | 000006620 |
| 005 - FECHA Y HORA DE LA ÚLTIMA TRANSACCIÓN | |
| campo de control | 20200929153948.0 |
| 008 - DATOS DE LONGITUD FIJA--INFORMACIÓN GENERAL | |
| campo de control de longitud fija | 730115s1970 sp 001 p spa |
| 040 ## - FUENTE DE LA CATALOGACIÓN | |
| Centro catalogador/agencia de origen | DO-SdBNP |
| 082 ## - NÚMERO DE LA CLASIFICACIÓN DECIMAL DEWEY | |
| Número de clasificación | N861.3 |
| Número de documento/Ítem | D218M |
| 100 1# - ENTRADA PRINCIPAL--NOMBRE DE PERSONA | |
| Nombre de persona | Marrero, Vicente, |
| Fechas asociadas al nombre | 1922-2000. |
| 9 (RLIN) | 18368 |
| 245 10 - MENCIÓN DE TÍTULO | |
| Título | Nuestro Rubén / |
| Mención de responsabilidad, etc. | Vicente Marrero. |
| 260 ## - PUBLICACIÓN, DISTRIBUCIÓN, ETC. | |
| Lugar de publicación, distribución, etc. | Madrid : |
| Nombre del editor, distribuidor, etc. | Cultura Hispánica, |
| Fecha de publicación, distribución, etc. | 1970. |
| 300 ## - DESCRIPCIÓN FÍSICA | |
| Extensión | 135 p. ; |
| Dimensiones | 20 cm. |
| 586 ## - NOTA DE PREMIOS | |
| Nota de premios | Premio Rubén Darío, Sao Paulo, 1967. |
| 600 10 - PUNTO DE ACCESO ADICIONAL DE MATERIA--NOMBRE DE PERSONA | |
| Nombre de persona | DARÍO, RUBÉN, |
| Forma completa/desarrollada del nombre | (FÉLIX RUBÉN GARCÍA SARMIENTO), |
| Fechas asociadas al nombre | 1867-1916 |
| Subdivisión general | CRÍTICA E INTERPRETACIÓN |
| 9 (RLIN) | 18369 |
| 650 #4 - PUNTO DE ACCESO ADICIONAL DE MATERIA--TÉRMINO DE MATERIA | |
| Término de materia o nombre geográfico como elemento de entrada | Poesía nicaragüense |
| Subdivisión general | Crítica e interpretación |
| 9 (RLIN) | 18370 |
| 650 #4 - PUNTO DE ACCESO ADICIONAL DE MATERIA--TÉRMINO DE MATERIA | |
| Término de materia o nombre geográfico como elemento de entrada | Literatura nicaragüense |
| Subdivisión general | Crítica e interpretación |
| 9 (RLIN) | 18371 |
| 910 ## - DATOS DE OPCIÓN DEL USUARIO (OCLC) | |
| Datos de opción del usuario | Catalogación por copia / LC |
| Estado de retiro | Estado de pérdida | Restricciones de uso | No para préstamo | Código de colección | Localización permanente | Ubicación/localización actual | Ubicación en estantería | Fecha de adquisición | Número de inventario | Total de préstamos | Signatura topográfica completa | Código de barras | Fecha visto por última vez | Precio válido a partir de | Tipo de ítem Koha |
|---|---|---|---|---|---|---|---|---|---|---|---|---|---|---|---|
| Préstamo interno | Monografías: Libros y Folletos | General | General | En catalogación | 01.09.2009 | LF1 | N861.3 D218M | 6620-10 | 25.06.2020 | 25.06.2020 | Préstamo interno |
